| 000 | 00985cam a22002174a 4500 | ||
|---|---|---|---|
| 005 | 20250605163942.0 | ||
| 008 | 250528s ||||||||||||||||||||||||d | ||
| 035 | _a15076 | ||
| 020 | _a27360113 | ||
| 040 |
_aGR-AtMCL _bgre _dGR-AtMCL _eAACR2 |
||
| 245 | 1 | _aEuropean Accounting | |
| 250 | _a1st | ||
| 260 |
_bPitman Publishing, _c1993 |
||
| 300 | _a246 | ||
| 520 | _aAn introductory treatment of comparative international accounting and financial reporting practices in Europe. Preface, Variations in International Accounting, National and International Sources of Authority, An Overview of Areas of Difference in International Accounting Practice, Belgium, Denmark, France, Germany, Greece, Ireland, Italy, Luxembourg, The Netherlands, Portugal, Spain, Sweden, The United Kingdom, Eastern Europe, International Analysis of Accounts, Author and Subject Index. | ||
| 700 | 1 |
_aAmat Oriol _9915 |
|
| 700 | 1 |
_aBlake John _9916 |
|
| 942 | _cBK | ||
| 999 |
_c675 _d675 |
||